000 00432nam a2200181Ia 4500
001 18158
005 20260306171610.0
008 260306s9999||||xx |||||||||||||| ||und||
041 _aESP
082 _a658.4012
_bO47
100 _aOllhoff, Jim
_eAUT
245 0 _aStrategy 101:
_ban introduction and guide
260 _c2007
300 _a116 páginas :
_c23 p.
650 _aGEN
654 _aCAN
942 _cLIB
_dJUS
_fJUS
_2ddc
_n
999 _c18158
_d18158